|
|
|
|
| LEADER |
00000cam a22000004a 4500 |
| 001 |
musev2_71253 |
| 003 |
MdBmJHUP |
| 005 |
20230905051336.0 |
| 006 |
m o d |
| 007 |
cr||||||||nn|n |
| 008 |
080125s1988 ncu o 00 0 eng d |
| 010 |
|
|
|z 87030331
|
| 020 |
|
|
|a 9780822381495
|
| 020 |
|
|
|z 9780822307808
|
| 035 |
|
|
|a (OCoLC)1140722992
|
| 040 |
|
|
|a MdBmJHUP
|c MdBmJHUP
|
| 100 |
1 |
|
|a Williams, Michael J. S.,
|e author.
|
| 245 |
1 |
2 |
|a A World of Words :
|b Language and Displacement in the Fiction of Edgar Allan Poe /
|c Michael J.S. Williams.
|
| 264 |
|
1 |
|a Durham :
|b Duke University Press,
|c 1988.
|
| 264 |
|
3 |
|a Baltimore, Md. :
|b Project MUSE,
|c 2020
|
| 264 |
|
4 |
|c ©1988.
|
| 300 |
|
|
|a 1 online resource (201 pages).
|
| 336 |
|
|
|a text
|b txt
|2 rdacontent
|
| 337 |
|
|
|a computer
|b c
|2 rdamedia
|
| 338 |
|
|
|a online resource
|b cr
|2 rdacarrier
|
| 505 |
0 |
|
|a "A World of Words" -- The Personage in Question": Self and Language -- "An Unknown Quantity of X": Some Anxieties of Authority -- "Duelli Lex Scripta, et Non, Aliterque": The Struggle for Authority -- "Word of No Meaning": Denial of the Symbol -- Voice and Text: Displacements of Authority -- Conclusion: Allegories of Reading.
|
| 520 |
|
|
|a A World of Words offers a new look at the degree to which language itself is a topic of Poe's texts. Stressing the ways his fiction reflects on the nature of its own signifying practices, Williams sheds new light on such issues as Poe's characterization of the relationship between author and reader as a struggle for authority, on his awareness of the displacement of an "authorial writing self" by a "self as it is written," and on his debunking of the redemptive properties of the romantic symbol.
|
| 588 |
|
|
|a Description based on print version record.
|
| 600 |
1 |
7 |
|a Poe, Edgar Allan,
|d 1809-1849.
|2 fast
|0 (OCoLC)fst00032674
|
| 600 |
1 |
0 |
|a Poe, Edgar Allan,
|d 1809-1849
|x Fictional works.
|
| 600 |
1 |
0 |
|a Poe, Edgar Allan,
|d 1809-1849
|x Language.
|
| 650 |
|
7 |
|a Language and languages.
|2 fast
|0 (OCoLC)fst00992154
|
| 650 |
|
7 |
|a Fantasy fiction, American.
|2 fast
|0 (OCoLC)fst00920725
|
| 650 |
|
7 |
|a Criticism and interpretation.
|2 fast
|0 (OCoLC)fst01198648
|
| 650 |
|
7 |
|a LITERARY CRITICISM
|x American
|x General.
|2 bisacsh
|
| 650 |
|
0 |
|a Fantasy fiction, American
|x History and criticism.
|
| 655 |
|
7 |
|a Criticism, interpretation, etc.
|2 fast
|0 (OCoLC)fst01411635
|
| 655 |
|
7 |
|a Electronic books.
|2 local
|
| 710 |
2 |
|
|a Project Muse.
|e distributor
|
| 830 |
|
0 |
|a Book collections on Project MUSE.
|
| 856 |
4 |
0 |
|z Texto completo
|u https://projectmuse.uam.elogim.com/book/71253/
|
| 945 |
|
|
|a Project MUSE - Custom Collection
|